| 000 | 00400nam a22001697a 4500 | ||
|---|---|---|---|
| 003 | CEME | ||
| 005 | 20210628205207.0 | ||
| 008 | 210215b xxu||||| |||| 00| 0 eng d | ||
| 020 | _a81-204-0986-8 | ||
| 040 | _c. | ||
| 082 | _a621.165 GUP'S | ||
| 100 |
_aGupta, Raj Mohan _974368 |
||
| 245 | _aSteam turbine | ||
| 260 |
_aNEWDELHI _bOXFORD & IBH _c1995 |
||
| 300 | _aXII, 272P | ||
| 942 |
_cBK _2ddc |
||
| 999 |
_c579904 _d579904 |
||